000 00235nam a2200097Ia 4500
005 20251222114347.0
008 251222s1900||||xx |||||||||||||| ||spa||
082 _aDVD0060/G26/2004
245 0 _aEducando a Helen:Raising Helen
942 _cDVD
999 _c1088
_d1088